00301 a2200097 450000100060000008200150000610000370002124501060005826000290016430000100019355568 a658.21 IMR aImran Sajid, Muhammad translator aBusiness at the speed of thought; using a digital nervous system [urdu version]cMuhammad Imran Sajid aLahorebTakhliqaatc2007 a455 p